书目信息 |
| 题名: |
天才·人才·成才
|
|
| 作者: | 艾国云 , 袁开济 编 | |
| 分册: | ||
| 出版信息: | 武汉 湖北人民出版社 1983 |
|
| 页数: | 125页 | |
| 开本: | 19cm | |
| 丛书名: | 青年思想修养丛书 | |
| 单 册: | ||
| 中图分类: | D432.63 | |
| 科图分类: | ||
| 主题词: | 思想修养--青年读物 | |
| 电子资源: | ||
| ISBN: | ||
| 000 | 00720nam2 2200265 45 | |
| 001 | 0183003270 | |
| 005 | 20060726162704.54 | |
| 010 | @dCNY0.39 | |
| 091 | @aCN@b3106.649 | |
| 100 | @a19950322d1983 em y0chiy0121 ea | |
| 101 | 0 | @achi |
| 102 | @aCN@b420000 | |
| 105 | @ay z 000yy | |
| 200 | 10 | @a天才·人才·成才@Atian cai ren cai cheng cai@f袁开济,艾国云编 |
| 210 | @a武汉@c湖北人民出版社@d1983 | |
| 215 | @a125页@d19cm | |
| 225 | 2 | @a青年思想修养丛书 |
| 410 | 0 | @120010@a青年思想修养丛书 |
| 606 | @a思想修养@x青年读物 | |
| 690 | @aD432.63@v3 | |
| 701 | 0 | @a艾国云@Aai guo yun@4编 |
| 701 | 0 | @a袁开济@Ayuan kai ji@4编 |
| 801 | 2 | @aCN@bNLC@c20060726 |
| 801 | 0 | @aCN@bTSSF |
| 905 | @a10447@dD432.63@e164 | |
| 天才·人才·成才/袁开济,艾国云编.-武汉:湖北人民出版社,1983 |
| 125页;19cm.-(青年思想修养丛书) |
| ISBN :CNY0.39 |
| ● |
| 相关链接 |
|
|
|
|
正题名:天才·人才·成才
索取号:D432.63/164
 
预约/预借
| 序号 | 登录号 | 条形码 | 馆藏地/架位号 | 状态 | 备注 |
| 1 | 0426747 | 204267471 | 密集书库/ [索取号:D432.63/164] | 在馆 |